Dare to dream ! : (Record no. 14003)

MARC details
000 -LEADER
fixed length control field 01361cam a2200361 i 4500
001 - CONTROL NUMBER
control field 13782735
003 - CONTROL NUMBER IDENTIFIER
control field EG-ScBUE
005 - DATE AND TIME OF LATEST TRANSACTION
control field 20230807112926.0
008 - FIXED-LENGTH DATA ELEMENTS--GENERAL INFORMATION
fixed length control field 041116t2005 nyu f b 000 0ceng d
020 ## - INTERNATIONAL STANDARD BOOK NUMBER
International Standard Book Number 1591022800 (alk. paper)
020 ## - INTERNATIONAL STANDARD BOOK NUMBER
International Standard Book Number 9781591022800
040 ## - CATALOGING SOURCE
Original cataloging agency DLC
Language of cataloging eng
Description conventions rda
Transcribing agency DLC
Modifying agency DLC
-- EG-ScBUE
043 ## - GEOGRAPHIC AREA CODE
Geographic area code n-us---
082 04 - DEWEY DECIMAL CLASSIFICATION NUMBER
Edition number 22
Classification number 920.073
Item number HUM
100 1# - MAIN ENTRY--PERSONAL NAME
Personal name Humphrey, Sandra McLeod,
Relator term author.
9 (RLIN) 14068
245 10 - TITLE STATEMENT
Title Dare to dream ! :
Remainder of title 25 extraordinary lives /
Statement of responsibility, etc Sandra McLeod Humphrey.
264 #1 - PUBLICATION, DISTRIBUTION, ETC. (IMPRINT)
Place of publication, distribution, etc Amherst, N.Y. :
Name of publisher, distributor, etc Prometheus Books,
Date of publication, distribution, etc [2005]
264 #4 - PUBLICATION, DISTRIBUTION, ETC. (IMPRINT)
Date of publication, distribution, etc c2005
300 ## - PHYSICAL DESCRIPTION
Extent 121 pages ;
Dimensions 23 cm
336 ## - CONTENT TYPE
Source rdacontent
Content type term text
Content type code txt
337 ## - MEDIA TYPE
Source rdamedia
Media type term unmediated
Media type code n
338 ## - CARRIER TYPE
Source rdacarrier
Carrier type term volume
Carrier type code nc
504 ## - BIBLIOGRAPHY, ETC. NOTE
Bibliography, etc Includes bibliographical references.
650 #7 - SUBJECT ADDED ENTRY--TOPICAL TERM
Topical term or geographic name as entry element Heroes
Geographic subdivision United States
Form subdivision Biography.
Source of heading or term BUEsh
9 (RLIN) 14069
650 #7 - SUBJECT ADDED ENTRY--TOPICAL TERM
Topical term or geographic name as entry element Successful people
Geographic subdivision United States
Form subdivision Biography.
Source of heading or term BUEsh
9 (RLIN) 14070
650 #7 - SUBJECT ADDED ENTRY--TOPICAL TERM
Topical term or geographic name as entry element Achievement motivation
Geographic subdivision United States.
Source of heading or term BUEsh
9 (RLIN) 14071
650 #7 - SUBJECT ADDED ENTRY--TOPICAL TERM
Topical term or geographic name as entry element Achievement motivation in youth
Geographic subdivision United States.
Source of heading or term BUEsh
9 (RLIN) 14072
650 #7 - SUBJECT ADDED ENTRY--TOPICAL TERM
Topical term or geographic name as entry element Courage.
Source of heading or term BUEsh
9 (RLIN) 14073
655 ## - INDEX TERM--GENRE/FORM
Form subdivision Reading book
856 41 - ELECTRONIC LOCATION AND ACCESS
Materials specified Table of contents
Uniform Resource Identifier <a href="http://www.loc.gov/catdir/toc/ecip054/2004027190.html">http://www.loc.gov/catdir/toc/ecip054/2004027190.html</a>
942 ## - ADDED ENTRY ELEMENTS (KOHA)
Source of classification or shelving scheme Dewey Decimal Classification
Koha item type Book - Borrowing
Holdings
Withdrawn status Lost status Source of classification or shelving scheme Damaged status Not for loan Collection code Home library Current library Shelving location Date acquired Source of acquisition Cost, normal purchase price Serial Enumeration / chronology Total Checkouts Total Renewals Full call number Barcode Checked out Date last seen Date checked out Price effective from Koha item type
    Dewey Decimal Classification     Baccah Central Library Central Library Second Floor 17/05/2010   120.00 10270 3 3 920.073 HUM 000020838 20/11/2025 21/10/2025 21/10/2025 17/05/2010 Book - Borrowing